000 00824cam a2200205 4500
001 ABS66888
008 030808n2003 000 0 eng u
035 _a(Sirsi) u123248
100 _aKhoshnaw, G.
245 _aIs mediation a waste of time?
260 _c2003
490 _aRICS Minerals and Waste Management Faculty Feature
_v28 July 2003 (2)
520 _aConsiders the use of mediation to resolve disputes concerning waste facilities. Sets out how to begin the process and prepare for mediation and outlines the mediation process itself. Concludes that the principle advantages of mediation are that it is confidential, cost effective and quick.
590 _aABS
650 _aMEDIATION
650 _aWASTE MANAGEMENT DISPUTES
690 _aDispute resolution
_96236
700 _aBennett, L.
942 _n0
999 _c73200
_d73200